| 000 | 00555nam a22001337a 4500 | ||
|---|---|---|---|
| 040 | _cRUA | ||
| 082 | _aLMA SEN 2015 B529 Or.1 | ||
| 100 | _aSENG SONITA; សេង សុនីតា | ||
| 245 | _aStudy on the development of flat and building blocks (borey) in phnom penh; សិក្សាលើការអភិវឌ្ឍសំណង់ផ្ទះល្វែង និងបុរីនៅទីក្រុងភ្នំពេញ | ||
| 260 |
_aPhnom Penh _bSEN _c2015 |
||
| 300 |
_axi;42p. _bill. _c29cm. |
||
| 856 | _uSENG SONITA | ||
| 942 | _cLMA | ||
| 999 |
_c10814 _d10814 |
||